Environmental economics (Record no. 1121)

MARC details
000 -LEADER
fixed length control field 00480cam a2200181ua 4500
008 - FIXED-LENGTH DATA ELEMENTS--GENERAL INFORMATION
fixed length control field 110921n ii |||gr||||Z||||||eng
020 ## - INTERNATIONAL STANDARD BOOK NUMBER
International Standard Book Number 0-19-511954-1
040 ## - CATALOGING SOURCE
Transcribing agency MAIN
082 ## - DEWEY DECIMAL CLASSIFICATION NUMBER
Classification number 333.7
245 10 - TITLE STATEMENT
Title Environmental economics
Statement of responsibility, etc. by Charles D. Kolstad
260 ## - PUBLICATION, DISTRIBUTION, ETC.
Place of publication, distribution, etc. New Delhi:
Name of publisher, distributor, etc. Oxford University Press,
Date of publication, distribution, etc. 2002.
300 ## - PHYSICAL DESCRIPTION
Extent xi, 400p.:
Other physical details ill.;
Dimensions 20cm.
700 ## - ADDED ENTRY--PERSONAL NAME
Personal name Kolstad, Charles D.,
942 ## - ADDED ENTRY ELEMENTS (KOHA)
Koha item type Books
653 ## - INDEX TERM--UNCONTROLLED
Uncontrolled term Economics
653 ## - INDEX TERM--UNCONTROLLED
Uncontrolled term Environmental economics
Holdings
Withdrawn status Lost status Damaged status Not for loan Home library Current library Shelving location Date acquired Total Checkouts Full call number Barcode Date last seen Date last checked out Copy number Price effective from Koha item type
        Central Library, Naharkatiya College Central Library, Naharkatiya College   19/09/2020 1 333.7 | KOL 17767 23/02/2024 24/01/2024 2 19/09/2020 Books
        Central Library, Naharkatiya College Central Library, Naharkatiya College   19/09/2020 1 333.7 | KOL 17768 28/05/2025 25/01/2025 3 19/09/2020 Books
        Central Library, Naharkatiya College Central Library, Naharkatiya College   19/09/2020   333.7 | KOL 2917 17/02/2024   1 19/09/2020 Books

Naharkatiya College © 2020. All rights reserved.

Powered By